Top 5 Baby Girl Names by State - 2021 - Statistics

General Stats
  • This quiz has been taken 906 times
    693 since last reset
  • The average score is 190 of 255
Answer Stats
State Names % Correct
AK | AL | AR | +44 others Olivia
88%
AL | AR | AZ | +41 others Emma
87%
AK | AL | AR | +21 others Ava
78%
AZ | CA | CT | +14 others Sophia
75%
AK | AL | AR | +35 others Charlotte
73%
AK | AL | AR | +34 others Amelia
71%
AZ | FL | NM | +2 others Isabella
71%
CA | FL | NJ | +4 others Mia
71%
CO | ID | KS | +11 others Evelyn
59%
ID | ME | MT | +3 others Harper
51%
HI Luna
43%
HI | VT Isla
39%
MN | VT Nora
37%
NE Eleanor
33%
DC Maya
31%
WV Willow
28%
AZ | CA | NV | TX Camila
25%
AK | UT Hazel
23%
MS | WV Paisley
7%
No matching quizzes found
Score Distribution
Percent of People with Each Score
Percentile by Number Answered
Your Score History
You have not taken this quiz since the last reset